000
00269nam a2200109Ia 4500
008
190914s9999||||xx |||||||||||||| ||und||
100
_a
Shah Misbahuddin
245
0
_a
Seerat Ahmed-e-Mujtaba (S.A.W.W)
260
_a
London
_b
Darussalam
_c
2001
300
_a
246
942
_c
BK
999
_c
8760
_d
8760